Statistics for Australia Wallabies Rugby - 25 or more test tries

Click here to take the quiz!

General Stats

  • This quiz has been taken 116 times
    (51 since last reset)
  • The average score is 8 of 12

Answer Stats

Tries Player % Correct
64David Campese
94%
37Israel Folau
75%
40Chris Latham
71%
39Adam Ashley Cooper
71%
29Matt Burke
69%
30Joe Roff
67%
29Stirling Mortlock
65%
30Tim Horan
63%
25Stephen Larkham
60%
30Drew Mitchell
60%
30Matt Giteau
54%
30Lote Tuqiri
40%

Score Distribution

Percentile by Number Answered

Percent of People with Each Score

Your Score History

You have not taken this quiz since the last reset